Automobil nie sú len vonkajšie tvary, ale hlavne to, čo sa skrýva pod obalom
Enregistré dans:
| Auteur principal: | |
|---|---|
| Autres auteurs: | , , |
| Format: | Chapitre de livre |
| Langue: | slovaque |
| Sujets: | |
| Tags: |
Pas de tags, Soyez le premier à ajouter un tag!
|
MARC
| LEADER | 00000naa a2200000 4500 | ||
|---|---|---|---|
| 001 | 0270603 | ||
| 005 | 20240502074236.5 | ||
| 041 | 0 | |a slo | |
| 044 | |a SK | ||
| 245 | 1 | 0 | |a Automobil nie sú len vonkajšie tvary, ale hlavne to, čo sa skrýva pod obalom |c Ján Semjon, Naqibullah Daneshjo, Michal Fabian, Peter Kuderjavý |
| 610 | 2 | 0 | |a priemysel automobilový |
| 610 | 2 | 0 | |a automatizácia |
| 610 | 2 | 0 | |a roboty |
| 610 | 2 | 0 | |a simulácia |
| 100 | 1 | |a Semjon, Ján | |
| 700 | 1 | |a Daneshjo, Naqibullah, 1964- | |
| 700 | 1 | |a Fabian, Michal | |
| 700 | 1 | |a Kuderjavý, Peter | |